Prognóza makroekonomických ukazovateľov Slovenskej republiky do roku 2008

Enregistré dans:
Détails bibliographiques
Auteur principal: Novák, Marcel, 1979-
Format: Chapitre de livre
Langue:slovaque
Tags: Ajouter un tag
Pas de tags, Soyez le premier à ajouter un tag!

MARC

LEADER 00000naa$a2200000$$$4500
001 0061669
005 20240502071708.0
041 0 |a slo 
044 |a SK 
245 1 0 |a Prognóza makroekonomických ukazovateľov Slovenskej republiky do roku 2008  |c Marcel Novák 
100 1 |a Novák, Marcel, 1979-